| 000 | 00636nam a2200205 a 4500 | ||
|---|---|---|---|
| 001 | BRCA_9042 | ||
| 005 | 20190320210514.0 | ||
| 008 | 250817s2014----mx-a######---#000-0#spa-# | ||
| 041 | _aspa | ||
| 044 | _amx | ||
| 050 | 4 |
_aN7108 _b.A78 2014 |
|
| 245 | 1 | 0 |
_aArte transterrado _bartistas plásticos del exilio español, 1939-2014. |
| 260 |
_aMéxico _bCentro Cultural Isidro Fabela _c2014 |
||
| 300 |
_a99 p. _bil. (algunas a color) _c29 cm. |
||
| 500 | _aIncluye catálogo de obra | ||
| 650 | 1 | 4 |
_aArte español _92063 |
| 650 | 1 | 4 |
_aEspañoles _xHistoria _ySiglo XX _zMéxico _922410 |
| 650 | 1 | 4 |
_aExiliados _zEspaña _922411 |
| 942 |
_2lcc _cB |
||
| 999 |
_c8692 _d8692 |
||